Great expectations (Record no. 65810)
[ view plain ]
| 000 -LEADER | |
|---|---|
| fixed length control field | 01312nam a2200373 a 4500 |
| 100 1# - MAIN ENTRY--AUTHOR NAME | |
| Personal name | Dickens, Charles, |
| 245 10 - TITLE STATEMENT | |
| Title | Great expectations |
| 250 ## - EDITION STATEMENT | |
| Edition statement | 1st ed. |
| 260 ## - PUBLICATION, DISTRIBUTION, ETC. (IMPRINT) | |
| Place of publication | Chandni Chowk, Delhi : |
| Name of publisher | Global Media, |
| Year of publication | 2007. |
| 300 ## - PHYSICAL DESCRIPTION | |
| Number of Pages | 1 v. (unpaged) |
| 500 ## - GENERAL NOTE | |
| General note | Cover title. |
| General note | "Education for everyone." |
| 650 #0 - SUBJECT ADDED ENTRY--TOPICAL TERM | |
| Topical Term | Man-woman relationships |
| Topical Term | Ex-convicts |
| Topical Term | Benefactors |
| Topical Term | Young men |
| Topical Term | Revenge |
| Topical Term | Orphans |
| 856 40 - ELECTRONIC LOCATION AND ACCESS | |
| Uniform Resource Identifier | http://site.ebrary.com/lib/rucke/Doc?id=10300291 |
No items available.
